| 000 | 00700nam a2200229 a 4500 | ||
|---|---|---|---|
| 005 | 20240704063746.0 | ||
| 008 | 991125s1994 mx 000 0 spa u | ||
| 020 | _a9682963915 | ||
| 035 | _aUPN01000009377 | ||
| 049 | _aI | ||
| 050 | 4 | _aPN3171 S52 | |
| 100 | 1 | _aSilberman, Larry | |
| 245 | 1 | 0 |
_aCómo hacer teatro (sin ser descubierto) / _cLarry Silberman, Paula Markovitch, Patrick Querillacq |
| 260 |
_aMéxico : _bSEP, Libros del Rincón, _c1994 |
||
| 300 |
_a117 p. : _bil. |
||
| 650 | 4 |
_aTeatro en la educación _95250 |
|
| 700 | 2 |
_aMarkovitch, Paula, _ecoaut. |
|
| 700 | 2 |
_aQuerillacq, Patrick, _ecoaut. |
|
| 902 | _aCAV CARLOS AGUILAR VILLA | ||
| 904 |
_aAC _b009378 |
||
| 905 | _aInfantil | ||
| 999 |
_c9377 _d9377 |
||